| 000 | 00956nac a22002651u 4500 | ||
|---|---|---|---|
| 010 | _a 91030112 | ||
| 020 | _a0471528099 | ||
| 020 | _a0471179876 | ||
| 082 | 0 | 0 |
_a690 _bP2381 |
| 090 |
_c4292 _d4292 |
||
| 100 | _aParker, Harry, | ||
| 245 | 1 | 0 |
_aSimplified site engineering / _cHarry Parker and John W. MacGuire. |
| 250 |
_a2nd ed. / _bprepared by James Ambrose. |
||
| 260 |
_aNew York : _bWiley, _cc1991. |
||
| 300 |
_axiv, 178 p. : _bill., maps ; _c26 cm. |
||
| 500 | _aRev. ed. of: Simplified engineering for architects and builders. 1954. | ||
| 500 | _a"A Wiley-Interscience publication." | ||
| 504 | _aIncludes bibliographical references (p. 145) and index. | ||
| 650 | 0 | _aBuilding sites. | |
| 650 | 0 | _aSurveying. | |
| 700 | 1 | _aMacGuire, John W. | |
| 700 | 1 | _aAmbrose, James E. | |
| 942 |
_cBB _k690P2381 |
||
| 999 |
_c4292 _d4292 |
||